KOHA-Header-6

C How TO Program (Record no. 7597)

000 -LEADER
fixed length control field 00226nam a2200109Ia 4500
020 ## - INTERNATIONAL STANDARD BOOK NUMBER
ISBN 978-0130895721
100 ## - MAIN ENTRY--AUTHOR NAME
Personal name Deitel, Deitel
245 #0 - TITLE STATEMENT
Title C How TO Program
260 ## - PUBLICATION, DISTRIBUTION, ETC. (IMPRINT)
Place of publication USA
Name of publisher Education
Year of publication 2001
300 ## - PHYSICAL DESCRIPTION
Number of Pages 1253
942 ## - ADDED ENTRY ELEMENTS (KOHA)
Koha item type Books
Holdings
Withdrawn status Lost status Collection code Permanent Location Current Location Shelving location Date acquired Full call number Accession Number Koha item type
    Computer Languages MAJU MAJU Shelf No.A18 2019-09-12 005.713 1533 Computer Languages

Powered by Koha